Normale Ansicht MARC-Ansicht ISBD

An empire of others : (Titelsatznr. 29086)

[ MARC ]
MARC-Details
000 -Satzkennung
Kontrollfeld mit fester Länge 01151nam a22003011c 4500
001 - Kontrollnummer
Kontrollfeld EBC3137365
008 - Feld mit fester Länge zur physischen Beschreibung - Allgemeine Angaben
Kontrollfeld mit fester Länge 191010s2013 gw |||| 000u eng d
020 ## - Internationale Standardbuchnummer
Internationale Standardbuchnummer 9786155225772
-- 978-6-15-522576-5
Verknüpfung 978-6-15-522577-2
041 ## - Sprachcode
Sprachcode des Textes/der Tonspur oder des separaten Titels eng
040 ## - Katalogisierungsquelle
Übertragungsstelle RU-10907106
003 - Kontrollnummer Identifier
Kontrollfeld RU-10907106
245 03 - Titel
Titel An empire of others :
Zusatz zum Titel making ethnographic knowledge in imperial Russia and the USSR /
Verfasserangabe etc. edited by Roland Cvetkovski and Alexis Hofmeister
264 ## - Produktion, Veröffentlichung, Distribution, Herstellung und Urheberrechtsvermerk
Herstellungs-, Veröffentlichungs- Vertriebs-, Erzeugungsort Budapest ; New York :
Produzent, Herausgeber, Distributor, Hersteller Central European University Press,
Datum der Herstellung, der Veröffentlichung, des Vertriebs oder des Urheberschutzvermerks 2013
300 ## - Physische Beschreibung
Umfang 1 online resource (415 pages)
336 ## - Inhaltstyp
Inhaltstypterm Text
Inhaltstypcode txt
Quelle rdacontent
337 ## - Medientyp
Bezeichnung des Medientyps Computermedien
Medientypcode c
Quelle rdamedia
338 ## - Datenträgertyp
Datenträgertypbezeichnung Online-Ressource
Datenträgertypcode cr
Quelle rdacarrier
500 ## - Allgemeine Fußnote
Allgemeine Fußnote E-Book-ProQuest / Fernzugriff nach Registrierung möglich
500 ## - Allgemeine Fußnote
Allgemeine Fußnote Includes bibliographical references and index
650 #0 - Nebeneintragung unter einem Schlagwort - Sachschlagwort
Sachschlagwort oder geografischer Name als Eintragungselement Volkskunde
651 #0 - Nebeneintragung unter einem Schlagwort - Geografischer Name
Geografischer Name Russland
651 #0 - Nebeneintragung unter einem Schlagwort - Geografischer Name
Geografischer Name Sowjetunion
655 #0 - Indexierungsterm - Genre/Form
Genre/Form oder fokussierter Term Fernzugriff
700 1# - Nebeneintragung - Personenname
Personenname Cvetkovski, Roland
Funktionsbezeichnung HerausgeberIn
700 1# - Nebeneintragung - Personenname
Personenname Hofmeister, Alexis
Funktionsbezeichnung HerausgeberIn
856 4# - Elektronische Adresse und Zugriff
URL <a href="https://ebookcentral.proquest.com/lib/maxweberstiftung-ebooks/detail.action?docID=3137365">https://ebookcentral.proquest.com/lib/maxweberstiftung-ebooks/detail.action?docID=3137365</a>
942 ## - Zusätzliche Felder (Koha)
Koha-Medientyp E-Books
Exemplare
Ausgeschieden Verloren Beschädigt Nicht entleihbar Heimatbibliothek Aufenthaltsbibliothek Aufstellungsort Erwerbungsdatum Inventarnummer Signatur Barcode Letzte Aktivität Preis gültig von Koha-Medientyp
        MWN Osteuropa MWN Osteuropa Online-Ressource 10/10/2019 19-e00644 E-19-e00644 29090 18/03/2021 22/03/2021 E-Books